LIBRARY & INFORMATION CENTRE, KCAET, TAVANUR

ONLINE PUBLIC ACCESS CATALOGUE (OPAC)

Manual of water well construction practices / (Record no. 5564)

MARC details
000 -LEADER
fixed length control field 00686cam a2200169ua 4500
041 ## - LANGUAGE CODE
Language code of text/sound track or separate title eng
082 ## - DEWEY DECIMAL CLASSIFICATION NUMBER
Classification number 028.72551
Item number ENG/MA
245 ## - TITLE STATEMENT
Title Manual of water well construction practices /
250 ## - EDITION STATEMENT
Edition statement 1 /
260 ## - PUBLICATION, DISTRIBUTION, ETC. (IMPRINT)
Place of publication Jaipur :
Name of publisher Academic Press.
300 ## - PHYSICAL DESCRIPTION
Number of Pages 156 ; .
942 ## - ADDED ENTRY ELEMENTS (KOHA)
Koha item type Books
Holdings
Withdrawn status Lost status Damaged status Home library Current library Date acquired Full call number Accession Number Koha item type
Withdrawn     KAUAET KAUAET 07/04/2012 028.72551 16979 Reference
      KAUAET KAUAET 07/04/2012 028.72551 16980 Reference
free website counter